<?xml version="1.0" encoding="UTF-8"?><?xml-stylesheet type="text/xsl" href="static/style.xsl"?><OAI-PMH xmlns="http://www.openarchives.org/OAI/2.0/" xmlns:xsi="http://www.w3.org/2001/XMLSchema-instance" xsi:schemaLocation="http://www.openarchives.org/OAI/2.0/ http://www.openarchives.org/OAI/2.0/OAI-PMH.xsd"><responseDate>2026-04-14T03:58:28Z</responseDate><request verb="GetRecord" identifier="oai:www.recercat.cat:10230/72027" metadataPrefix="marc">https://recercat.cat/oai/request</request><GetRecord><record><header><identifier>oai:recercat.cat:10230/72027</identifier><datestamp>2025-12-06T16:36:56Z</datestamp><setSpec>com_2072_6</setSpec><setSpec>col_2072_452952</setSpec></header><metadata><record xmlns="http://www.loc.gov/MARC21/slim" xmlns:dcterms="http://purl.org/dc/terms/" xmlns:xsi="http://www.w3.org/2001/XMLSchema-instance" xmlns:doc="http://www.lyncode.com/xoai" xsi:schemaLocation="http://www.loc.gov/MARC21/slim http://www.loc.gov/standards/marcxml/schema/MARC21slim.xsd">
   <leader>00925njm 22002777a 4500</leader>
   <datafield ind2=" " ind1=" " tag="042">
      <subfield code="a">dc</subfield>
   </datafield>
   <datafield ind2=" " ind1=" " tag="720">
      <subfield code="a">Atienza Cerezo, Encarna</subfield>
      <subfield code="e">author</subfield>
   </datafield>
   <datafield ind2=" " ind1=" " tag="260">
      <subfield code="c">2025-11-26T19:20:05Z</subfield>
   </datafield>
   <datafield ind2=" " ind1=" " tag="260">
      <subfield code="c">2025-11-26T19:20:05Z</subfield>
   </datafield>
   <datafield ind2=" " ind1=" " tag="260">
      <subfield code="c">2025</subfield>
   </datafield>
   <datafield ind2=" " ind1=" " tag="260">
      <subfield code="c">2025-11-26T19:20:05Z</subfield>
   </datafield>
   <datafield ind2=" " ind1=" " tag="520">
      <subfield code="a">Hizkuntza gehigarrien eskoletan jarrera eta kulturartekotasun kritikoak garatuko badira, Diskurtsoaren Azterlan Kritikoen eta kulturartekotasun berrituaren suposizio teorikoe-tatik abiatu behar da, hiru gai hauei erreparatuz nagusiki: identitateen eraikuntza, besteta-sunaren eraikuntza eta egitateen irudikapena. Hala, era askotako jarduera didaktikoak pro-posatuko dira hiru gai horien inguruan. Ikuspegi pedagogikotik, jarrera eta kulturartekota-sun kritikoa garatzeak esan nahi du ikaskuntzaren erdigunean jarri behar dela nork bere buruari galderak egiteko, gauzak zalantzan jartzeko eta norbera ere zalantzan jartzeko gaitasuna; halaber, beste modu batera planteatu behar direla irakasleen eta ikasleen rolak, bai eta material didaktikoei heltzeko era ere. Azkenik, ikuspegi didaktikotik, sekuentzia didaktikoak bost fasetan antolatzeko planteamendua landuko da: aktibazioa, gauzak zalan-tzan jartzea eta gogoeta egitea, esanahi propioak ematea, informazioa biltzea eta eralda-keta soziala lortzeko ekoiztea (prosumizioa).</subfield>
   </datafield>
   <datafield tag="653" ind2=" " ind1=" ">
      <subfield code="a">Jarrera kritikoa</subfield>
   </datafield>
   <datafield tag="653" ind2=" " ind1=" ">
      <subfield code="a">Identitatea</subfield>
   </datafield>
   <datafield tag="653" ind2=" " ind1=" ">
      <subfield code="a">Ideologia</subfield>
   </datafield>
   <datafield tag="653" ind2=" " ind1=" ">
      <subfield code="a">Irudikapena</subfield>
   </datafield>
   <datafield tag="653" ind2=" " ind1=" ">
      <subfield code="a">Kulturartekotasun berritua</subfield>
   </datafield>
   <datafield ind2="0" ind1="0" tag="245">
      <subfield code="a">Gutxi ordaintzen didate, baina izugarri gustatzen zait nire lana. Hizkuntza gehigarrien eskolak, errealitatea zalantzan jartzeko tokia</subfield>
   </datafield>
</record></metadata></record></GetRecord></OAI-PMH>